RETINA RECOGNITION SYSTEM USING VASCULAR AND NON-VASCULAR BASED FEATURES / (Record no. 540404)

000 -LEADER
fixed length control field 00533nam a22001577a 4500
020 ## - INTERNATIONAL STANDARD BOOK NUMBER
Qualifying information Hard Cover.
082 ## - DEWEY DECIMAL CLASSIFICATION NUMBER
Classification number 621.39
100 ## - MAIN ENTRY--PERSONAL NAME
Personal name Waheed Awan, Zahra
245 ## - TITLE STATEMENT
Title RETINA RECOGNITION SYSTEM USING VASCULAR AND NON-VASCULAR BASED FEATURES /
Statement of responsibility, etc. Zahra Waheed Awan
260 ## - PUBLICATION, DISTRIBUTION, ETC.
Place of publication, distribution, etc. Islamabad :
Name of publisher, distributor, etc. CEME -NUST,
Date of publication, distribution, etc. 2015.
300 ## - PHYSICAL DESCRIPTION
Extent viii, 55 p. : ill. ;
Dimensions 30cm.
650 ## - SUBJECT ADDED ENTRY--TOPICAL TERM
Topical term or geographic name entry element Computer Engineering-MS-Thesis
700 ## - ADDED ENTRY--PERSONAL NAME
Personal name Dr. Muhammad Usman Akram
942 ## - ADDED ENTRY ELEMENTS (KOHA)
Source of classification or shelving scheme
Koha item type Thesis
650 ## - SUBJECT ADDED ENTRY--TOPICAL TERM
-- 16083
700 ## - ADDED ENTRY--PERSONAL NAME
-- 16084
Holdings
Withdrawn status Lost status Source of classification or shelving scheme Damaged status Not for loan Permanent Location Current Location Shelving location Date acquired Total Checkouts Full call number Barcode Date last seen Price effective from Koha item type
          Central Library (CL) Central Library (CL) Thesis 10/22/2020   621.39 CL-T-617 10/22/2020 10/22/2020 Thesis
© 2023 Central Library, National University of Sciences and Technology. All Rights Reserved.